[Event "IRT. X OPEN FERIA DE CALI Grup"]
[Site "Cali (Col) Unidad Panamericana"]
[Date "2008.12.26"]
[Round "1"]
[Board "1"]
[White "Sanchez, Victor Hugo"]
[Black "Borges Mateos, Juan"]
[Result "1/2-1/2"]
[WhiteElo "2170"]
[BlackElo "2459"]
[PlyCount "42"]
[EventDate "2008.12.26"]
[EventRounds "9"]
[EventCountry "COL"]

1.e4 c5 2.Nf3 Nc6 3.d4 cxd4 4.Nxd4 e6 5.Nc3 Qc7 6.f4 a6 7.Nxc6 Qxc6 8.Bd3 b5
9.Qe2 Bb7 10.Bd2 Nf6 11.e5 b4 12.exf6 bxc3 13.Bxc3 g6 14.O-O Qb6+ 15.Kh1 Bb4
16.Bxb4 Qxb4 17.c4 O-O 18.Rac1 a5 19.b3 a4 20.Qe3 axb3 21.axb3 Ra2

[Event "IRT. X OPEN FERIA DE CALI Grup"]
[Site "Cali (Col) Unidad Panamericana"]
[Date "2008.12.26"]
[Round "1"]
[Board "1"]
[White "Clavijo, Jorge Mario"]
[Black "Parada, Norberto Andres"]
[Result "1/2-1/2"]
[WhiteElo "2358"]
[BlackElo "2114"]
[PlyCount "50"]
[EventDate "2008.12.26"]
[EventRounds "9"]
[EventCountry "COL"]

1.d4 Nf6 2.c4 g6 3.Nc3 Bg7 4.e4 d6 5.Nf3 O-O 6.Be2 e5 7.O-O Nc6 8.d5 Ne7 9.Ne1
Nd7 10.Nd3 f5 11.Bd2 Nf6 12.f3 Kh8 13.Rc1 Neg8 14.g4 Qe7 15.Be3 Nd7 16.Qd2 Ngf6
17.Bg5 Rf7 18.Kh1 Qf8 19.Be3 Ne8 20.gxf5 gxf5 21.f4 Qe7 22.Bf3 Nef6 23.fxe5 Nxe5
24.Nxe5 Qxe5 25.Bd4 Nxe4

[Event "IRT. X OPEN FERIA DE CALI Grup"]
[Site "Cali (Col) Unidad Panamericana"]
[Date "2008.12.26"]
[Round "1"]
[Board "1"]
[White "Narvaez, Zamir"]
[Black "Vittorino, Carlo"]
[Result "0-1"]
[WhiteElo "2111"]
[BlackElo "2343"]
[PlyCount "64"]
[EventDate "2008.12.26"]
[EventRounds "9"]
[EventCountry "COL"]

1.e4 e5 2.Nf3 Nc6 3.Bb5 a6 4.Ba4 d6 5.O-O Bg4 6.h3 h5 7.Bxc6+ bxc6 8.d3 Qf6
9.Nbd2 Ne7 10.Nc4 Bxf3 11.Qxf3 Qxf3 12.gxf3 Ng6 13.c3 c5 14.Rd1 O-O-O 15.d4 exd4
16.cxd4 d5 17.Ne5 Nxe5 18.dxe5 d4 19.Bf4 Be7 20.Rac1 g5 21.Bg3 Rh6 22.b4 cxb4
23.e6 c5 24.exf7 Kb7 25.Be5 Rh7 26.a3 a5 27.axb4 axb4 28.Rd3 Rxf7 29.Kg2 Ra8
30.Rb3 Kb6 31.Rc2 Kb5 32.Rd3 Ra3

[Event "IRT. X OPEN FERIA DE CALI Grup"]
[Site "Cali (Col) Unidad Panamericana"]
[Date "2008.12.26"]
[Round "1"]
[Board "1"]
[White "Pazos Gambarrotti, Plinio"]
[Black "Herrera, Juan Sebastian"]
[Result "1-0"]
[WhiteElo "2327"]
[BlackElo "2109"]
[PlyCount "87"]
[EventDate "2008.12.26"]
[EventRounds "9"]
[EventCountry "COL"]

1.d4 d5 2.c4 c6 3.Qc2 Nf6 4.Nf3 e6 5.Bf4 Bd6 6.Bxd6 Qxd6 7.Nbd2 Nbd7 8.e3 O-O
9.Bd3 e5 10.cxd5 cxd5 11.dxe5 Nxe5 12.Nxe5 Qxe5 13.Nf3 Qe7 14.O-O Bg4 15.Nd4
Rac8 16.Qa4 a6 17.Rac1 g6 18.h3 Be6 19.Rfd1 Nd7 20.Qb3 Ne5 21.Be2 Rc7 22.f4 Nc4
23.e4 Rfc8 24.Nxe6 Qxe6 25.Bg4 f5 26.exf5 gxf5 27.Bf3 Rd7 28.Qd3 Rcd8 29.Qd4
Qe3+ 30.Qxe3 Nxe3 31.Rd4 Nc4 32.Bxd5+ Rxd5 33.Rdxc4 Kf7 34.Rc5 Ke6 35.Rxd5 Rxd5
36.Rc7 Rd7 37.Rxd7 Kxd7 38.Kf2 Kd6 39.g4 Ke6 40.Ke3 Kf6 41.Kd4 Kg6 42.Ke5 fxg4
43.hxg4 h5 44.f5+

[Event "IRT. X OPEN FERIA DE CALI Grup"]
[Site "Cali (Col) Unidad Panamericana"]
[Date "2008.12.26"]
[Round "1"]
[Board "1"]
[White "Torres, Juan Camilo"]
[Black "Arenas, David"]
[Result "1-0"]
[WhiteElo "2103"]
[BlackElo "2323"]
[PlyCount "81"]
[EventDate "2008.12.26"]
[EventRounds "9"]
[EventCountry "COL"]

1.d4 Nf6 2.Nf3 g6 3.c4 Bg7 4.Nc3 O-O 5.g3 d6 6.Bg2 Nbd7 7.O-O e5 8.h3 Re8 9.e4
exd4 10.Nxd4 Rb8 11.Be3 a6 12.a4 Nc5 13.Qc2 Nfd7 14.Rad1 a5 15.Rfe1 c6 16.f4 Qc7
17.Nf3 b6 18.Bd4 Bf8 19.e5 Ba6 20.b3 Ne6 21.Bf2 Rbd8 22.Ne4 Qb8 23.Nxd6 Re7
24.h4 f5 25.h5 Qc7 26.Rd2 Ndc5 27.Red1 Red7 28.hxg6 hxg6 29.Nh4 Rg7 30.Be3 Be7
31.Nf3 Rh7 32.Nd4 Nxd4 33.Rxd4 Ne6 34.R4d2 Bf8 35.g4 fxg4 36.Qxg6+ Ng7 37.f5 Qe7
38.Bf4 Qh4 39.f6 Bc8 40.Be4 Rh5 41.Rh2

[Event "IRT. X OPEN FERIA DE CALI Grup"]
[Site "Cali (Col) Unidad Panamericana"]
[Date "2008.12.26"]
[Round "1"]
[Board "1"]
[White "Carvajal, Nolberto"]
[Black "Ospina Loaiza, Jhonny"]
[Result "1-0"]
[WhiteElo "2293"]
[BlackElo "2097"]
[PlyCount "61"]
[EventDate "2008.12.26"]
[EventRounds "9"]
[EventCountry "COL"]

1.e4 c5 2.Nf3 d6 3.d4 cxd4 4.Qxd4 Nc6 5.Bb5 Bd7 6.Bxc6 bxc6 7.c4 e5 8.Qd3 Nf6
9.O-O Be7 10.Nc3 O-O 11.Bg5 Rb8 12.b3 Qc7 13.Rfd1 Rfd8 14.Bxf6 gxf6 15.Rac1 Kh8
16.Nh4 Rg8 17.c5 d5 18.exd5 Bxc5 19.Ne4 Ba3 20.Nxf6 Rg7 21.Rc4 c5 22.d6 Qd8
23.Nxd7 Qxd7 24.Qf5 Qe6 25.Qxe6 fxe6 26.Nf3 Bb2 27.Rxc5 e4 28.d7 Rd8 29.Rc8 Rgg8
30.Rxd8 Rxd8 31.Ng5

[Event "IRT. X OPEN FERIA DE CALI Grup"]
[Site "Cali (Col) Unidad Panamericana"]
[Date "2008.12.26"]
[Round "1"]
[Board "1"]
[White "Remicio Duque, John H"]
[Black "Plazas, Alfonso"]
[Result "1-0"]
[WhiteElo "2216"]
[BlackElo "2025"]
[PlyCount "53"]
[EventDate "2008.12.26"]
[EventRounds "9"]
[EventCountry "COL"]

1.e4 c5 2.Nf3 e6 3.d4 cxd4 4.Nxd4 a6 5.Bd3 Qc7 6.O-O Nf6 7.c4 Nc6 8.Nxc6 bxc6
9.Nc3 h5 10.h3 Bc5 11.Qf3 Bb7 12.Bf4 e5 13.Bg5 Be7 14.Rad1 O-O-O 15.Rd2 d6
16.Rb1 Nh7 17.Be3 Bg5 18.b4 Bxe3 19.Qxe3 Nf6 20.b5 c5 21.bxa6 Bxa6 22.Rdb2 Kd7
23.Qg5 Rhg8 24.Rb6 Ra8 25.Bc2 Rgb8 26.Ba4+ Ke6 27.Nd5

[Event "IRT. X OPEN FERIA DE CALI Grup"]
[Site "Cali (Col) Unidad Panamericana"]
[Date "2008.12.26"]
[Round "1"]
[Board "1"]
[White "Salazar, Aura Cristina"]
[Black "Garcia, Alvaro"]
[Result "0-1"]
[WhiteElo "2016"]
[BlackElo "2198"]
[PlyCount "48"]
[EventDate "2008.12.26"]
[EventRounds "9"]
[EventCountry "COL"]

1.e4 d6 2.d4 g6 3.Nc3 Bg7 4.Be3 Nc6 5.Qd2 e5 6.dxe5 Nxe5 7.O-O-O Be6 8.f4 Nc4
9.Bxc4 Bxc4 10.Bd4 f6 11.Qf2 Nh6 12.h3 O-O 13.Nf3 Qe7 14.Nd2 Bf7 15.g4 a5
16.Rhg1 c5 17.Be3 b5 18.f5 b4 19.Nd5 Bxd5 20.exd5 Nf7 21.Qg3 Ne5 22.g5 gxf5
23.gxf6 Qxf6 24.Bg5 Nd3+

[Event "IRT. X OPEN FERIA DE CALI Grup"]
[Site "Cali (Col) Unidad Panamericana"]
[Date "2008.12.26"]
[Round "2"]
[Board "1"]
[White "Garcia, Alvaro"]
[Black "Barrientos, Sergio E"]
[Result "1-0"]
[WhiteElo "2198"]
[BlackElo "2450"]
[PlyCount "105"]
[EventDate "2008.12.26"]
[EventRounds "9"]
[EventCountry "COL"]

1.d4 d5 2.Nf3 Nf6 3.c4 c6 4.cxd5 cxd5 5.Nc3 Nc6 6.Bf4 a6 7.e3 Bg4 8.Bd3 e6 9.h3
Bxf3 10.Qxf3 h6 11.O-O Bd6 12.Rfd1 O-O 13.Rac1 Re8 14.Bb1 Rc8 15.g4 Bxf4 16.Qxf4
Nd7 17.Kg2 b5 18.Ne2 Nb6 19.b3 Qe7 20.Ng3 Red8 21.Rh1 Qd6 22.Qxd6 Rxd6 23.Ne2 f6
24.Rhd1 Ne7 25.Rxc8+ Nbxc8 26.Rc1 Rc6 27.Rxc6 Nxc6 28.Nf4 Kf7 29.Nxe6 Kxe6
30.Bf5+ Kd6 31.Bxc8 Nb4 32.a3 Nc2 33.Bxa6 Nxa3 34.Kf1 Kc6 35.Bc8 Nc2 36.Bf5 Nb4
37.Ke2 g5 38.Bg6 Na2 39.Kd2 b4 40.f3 Nc3 41.Bd3 Kd6 42.Bg6 Ke6 43.Bh7 Kd6 44.Bg8
Kc6 45.Kd3 Nd1 46.Kd2 Nc3 47.Kd3 Nd1 48.e4 dxe4+ 49.Kxe4 Nf2+ 50.Kf5 Nxh3
51.Kxf6 Ng1 52.Ke7 Nxf3 53.d5+

[Event "IRT. X OPEN FERIA DE CALI Grup"]
[Site "Cali (Col) Unidad Panamericana"]
[Date "2008.12.26"]
[Round "2"]
[Board "1"]
[White "Gallego, Andres Felipe"]
[Black "Torres, Juan Camilo"]
[Result "1/2-1/2"]
[WhiteElo "2365"]
[BlackElo "2103"]
[PlyCount "84"]
[EventDate "2008.12.26"]
[EventRounds "9"]
[EventCountry "COL"]

1.e4 c5 2.Nf3 e6 3.d4 cxd4 4.Nxd4 a6 5.Bd3 Nf6 6.Nc3 Qc7 7.O-O Nc6 8.Be3 Nxd4
9.Bxd4 Bc5 10.Bxc5 Qxc5 11.Qe1 d6 12.Na4 Qd4 13.Qa5 Bd7 14.Nb6 Rd8 15.Rad1 Qc5
16.Nc4 Bc6 17.Qxc5 dxc5 18.Na5 Bxe4 19.Bxe4 Nxe4 20.Rxd8+ Kxd8 21.Nxb7+ Kc7
22.f3 Ng3 23.hxg3 Kxb7 24.Rd1 Kc7 25.Kf2 Rb8 26.b3 a5 27.Ke3 a4 28.Rh1 axb3
29.cxb3 h6 30.Kd3 Rd8+ 31.Kc3 Kb6 32.Re1 Rd5 33.g4 Rg5 34.Re2 h5 35.gxh5 Rxh5
36.Rd2 Rd5 37.a4 Ka5 38.Rc2 Rd4 39.Re2 g5 40.Re4 Rd1 41.Re5 Rd5 42.Re1 Rd4

[Event "IRT. X OPEN FERIA DE CALI Grup"]
[Site "Cali (Col) Unidad Panamericana"]
[Date "2008.12.26"]
[Round "2"]
[Board "1"]
[White "Vittorino, Carlo"]
[Black "Schneider-Zinner, Werner"]
[Result "0-1"]
[WhiteElo "2343"]
[BlackElo "2043"]
[PlyCount "50"]
[EventDate "2008.12.26"]
[EventRounds "9"]
[EventCountry "COL"]

1.d4 Nf6 2.c4 g6 3.Nc3 d5 4.cxd5 Nxd5 5.e4 Nxc3 6.bxc3 Bg7 7.Bc4 O-O 8.Ne2 Nc6
9.Be3 b6 10.Qd2 Na5 11.Bd3 c5 12.Bh6 cxd4 13.Bxg7 Kxg7 14.cxd4 Qd6 15.O-O Bb7
16.f4 Rac8 17.f5 Qa3 18.Rf3 Nb3 19.Qf4 Nxa1 20.Rh3 h5 21.e5 Qb4 22.f6+ Kg8
23.Kf2 Nc2 24.Bxc2 Rxc2 25.Rxh5 Qd2

[Event "IRT. X OPEN FERIA DE CALI Grup"]
[Site "Cali (Col) Unidad Panamericana"]
[Date "2008.12.26"]
[Round "2"]
[Board "1"]
[White "Gonzalez, Juan Manuel"]
[Black "Saavedra, Victor"]
[Result "1-0"]
[WhiteElo "2111"]
[BlackElo "2212"]
[PlyCount "67"]
[EventDate "2008.12.26"]
[EventRounds "9"]
[EventCountry "COL"]

1.d4 g6 2.c3 Bg7 3.Nf3 Nf6 4.Bf4 d6 5.h3 Nbd7 6.e3 O-O 7.Be2 b6 8.a4 c5 9.O-O
Bb7 10.a5 bxa5 11.Qa4 Nd5 12.Bg3 cxd4 13.exd4 Bh6 14.Re1 N7f6 15.Nbd2 Nh5 16.Bh2
Nhf4 17.Bf1 e6 18.Qxa5 Qe7 19.c4 Nb6 20.g3 Nh5 21.g4 Bxd2 22.Nxd2 Nf6 23.Qg5 Qd8
[23...Rfd8 24.Ne4 Nfd5 25.Qxe7 Nxe7 26.Nxd6] 24.Bg2 Bxg2 25.Kxg2 Kg7 26.Bf4 Qc7
27.Kh2 Qc6 28.Ra6 Ng8 29.Rea1 Qb7 30.Bxd6 Rfd8 31.Rxa7 Rxa7 32.Rxa7 Qxa7 33.Qxd8
Qa5 34.Qf8+

[Event "IRT. X OPEN FERIA DE CALI Grup"]
[Site "Cali (Col) Unidad Panamericana"]
[Date "2008.12.26"]
[Round "2"]
[Board "1"]
[White "Parada, Norberto Andres"]
[Black "Prieto, Ernesto"]
[Result "1/2-1/2"]
[WhiteElo "2114"]
[BlackElo "2181"]
[PlyCount "81"]
[EventDate "2008.12.26"]
[EventRounds "9"]
[EventCountry "COL"]

1.d4 Nf6 2.c4 g6 3.Nc3 d5 4.cxd5 Nxd5 5.e4 Nxc3 6.bxc3 Bg7 7.Bc4 O-O 8.Ne2 c5
9.O-O Nc6 10.Be3 cxd4 11.cxd4 Bg4 12.f3 Na5 13.Bxf7+ Rxf7 14.fxg4 Rxf1+ 15.Kxf1
Qd7 16.h3 Qe6 17.Qd3 Nc4 18.Bf2 b5 19.Kg1 Rf8 20.Rf1 a6 21.Nc3 Qd6 22.Ne2 Qb4
23.Be1 Qb2 24.a4 Rxf1+ 25.Kxf1 Bh6 26.axb5 axb5 27.Kf2 Qa1 28.Bc3 Qa2 29.d5 Qb3
30.Nd4 Qa4 31.Nc6 Be3+ 32.Kg3 Qa3 33.e5 Bd2 34.Nxe7+ Kf7 35.Qf3+ Kxe7 36.Qf6+
Ke8 37.Qc6+ Kd8 38.Qf6+ Ke8 39.Qc6+ Kd8 40.Qf6+ Ke8 41.Qc6+

[Event "IRT. X OPEN FERIA DE CALI Grup"]
[Site "Cali (Col) Unidad Panamericana"]
[Date "2008.12.26"]
[Round "2"]
[Board "1"]
[White "Vargas, Mauricio"]
[Black "Rios, Cristhian Camilo"]
[Result "0-1"]
[WhiteElo "1965"]
[BlackElo "2172"]
[PlyCount "78"]
[EventDate "2008.12.26"]
[EventRounds "9"]
[EventCountry "COL"]

1.e4 c5 2.Nf3 e6 3.d4 cxd4 4.Nxd4 Nf6 5.Nc3 d6 6.Be2 a6 7.a4 Nbd7 8.f4 b6 9.Bf3
Bb7 10.O-O Rc8 11.Qe1 Rc4 12.Nb3 Qa8 13.Nd2 Rc5 14.Rf2 Be7 15.Re2 e5 16.Nf1 exf4
17.Bxf4 g5 18.e5 Bxf3 19.exf6 Bxe2 20.Qxe2 Ne5 21.Bxg5 Rg8 22.Ng3 Rxg5 23.Nge4
Rg6 24.Nxc5 bxc5 25.fxe7 Nf3+ 26.Kh1 Nh4 27.Rg1 Nf5 28.Qd2 Qb7 29.Re1 Nd4 30.Ne4
Re6 31.Qf4 Qxe7 32.c3 Nc6 33.h3 Kd8 34.c4 Nd4 35.g4 f6 36.b4 Nc2 37.Re2 Nxb4
38.Qf3 Qb7 39.Kg2 Nc2

[Event "IRT. X OPEN FERIA DE CALI Grup"]
[Site "Cali (Col) Unidad Panamericana"]
[Date "2008.12.26"]
[Round "2"]
[Board "1"]
[White "Arenas, David"]
[Black "Mateus, Martha"]
[Result "1/2-1/2"]
[WhiteElo "2323"]
[BlackElo "2138"]
[PlyCount "106"]
[EventDate "2008.12.26"]
[EventRounds "9"]
[EventCountry "COL"]

1.e4 c5 2.Nf3 d6 3.d4 cxd4 4.Nxd4 Nf6 5.Nc3 a6 6.Be3 e5 7.Nb3 Be6 8.f3 Nbd7 9.g4
b5 10.Qd2 Nb6 11.g5 Nfd7 12.O-O-O Be7 13.Nd5 Nxd5 14.exd5 Bf5 15.Na5 Rc8 16.Nc6
Qc7 17.Bd3 Bxd3 18.Qxd3 Nb8 19.Nxb8 Rxb8 20.f4 exf4 21.Bxf4 O-O 22.Rde1 Rfc8
23.Re3 Bf8 24.Rhe1 b4 25.Kb1 a5 26.R1e2 a4 27.Qd1 Qa5 28.Rd2 Rc4 29.Rd4 Rc5
30.Rh3 g6 31.Be3 Bg7 32.Rd3 b3 33.cxb3 axb3 34.a3 Rc2 35.Bd4 Bxd4 36.Rxd4 Rbc8
37.Rdd3 Rc1+ 38.Qxc1 Rxc1+ 39.Kxc1 Qc5+ 40.Rc3 Qg1+ 41.Kd2 Qxg5+ 42.Rhe3 Qxd5+
43.Rcd3 Qg2+ 44.Re2 Qg5+ 45.Kc3 Qc5+ 46.Kxb3 Qb5+ 47.Kc2 Qc4+ 48.Kd2 d5 49.b3
Qf4+ 50.Kc2 Qf1 51.Red2 Qa1 52.b4 Qa2+ 53.Kd1 Qa1+

[Event "IRT. X OPEN FERIA DE CALI Grup"]
[Site "Cali (Col) Unidad Panamericana"]
[Date "2008.12.26"]
[Round "2"]
[Board "1"]
[White "Polo, Victor Ramon"]
[Black "Narvaez, Zamir"]
[Result "1/2-1/2"]
[WhiteElo "2216"]
[BlackElo "2111"]
[PlyCount "49"]
[EventDate "2008.12.26"]
[EventRounds "9"]
[EventCountry "COL"]

1.e4 c5 2.Nc3 Nc6 3.Bb5 d6 4.Bxc6+ bxc6 5.d3 e5 6.f4 exf4 7.Bxf4 Ne7 8.Nf3 Ng6
9.Bg3 Be7 10.O-O Bg4 11.h3 Bxf3 12.Qxf3 O-O 13.Nd1 Bf6 14.Rb1 Rb8 15.b3 Be5
16.Ne3 Qg5 17.Nf5 Bxg3 18.Qxg3 Qxg3 19.Nxg3 Rfe8 20.Ne2 Re5 21.Nc3 Nf8 22.Rf5
Ree8 23.Re5 Rxe5 24.b4 a6 25.a4

[Event "IRT. X OPEN FERIA DE CALI Grup"]
[Site "Cali (Col) Unidad Panamericana"]
[Date "2008.12.26"]
[Round "2"]
[Board "1"]
[White "Herrera, Juan Sebastian"]
[Black "Mateus, Alejandro"]
[Result "1-0"]
[WhiteElo "2109"]
[BlackElo "2192"]
[PlyCount "53"]
[EventDate "2008.12.26"]
[EventRounds "9"]
[EventCountry "COL"]

1.e4 c6 2.d4 d5 3.Nd2 g6 4.c3 Bg7 5.Ngf3 dxe4 6.Nxe4 Nd7 7.Bc4 Nb6 8.Bb3 Nf6
9.Qe2 O-O 10.O-O a5 11.a3 Nbd5 12.Bd2 a4 13.Ba2 Qc7 14.Ne5 Nxe4 15.Qxe4 Bf5
16.Qe2 Rad8 17.Rfe1 Kh8 18.c4 Nf6 19.Bf4 Qc8 20.Rad1 Nh5 21.Bc1 f6 22.Nf3 Rfe8
23.h3 e5 24.dxe5 Rxd1 25.Rxd1 fxe5 26.Ng5 h6 27.Nf7+

[Event "IRT. X OPEN FERIA DE CALI Grup"]
[Site "Cali (Col) Unidad Panamericana"]
[Date "2008.12.26"]
[Round "2"]
[Board "1"]
[White "Munoz, Jhon Edison"]
[Black "Ospina Loaiza, Jhonny"]
[Result "1-0"]
[WhiteElo "2186"]
[BlackElo "2097"]
[PlyCount "55"]
[EventDate "2008.12.26"]
[EventRounds "9"]
[EventCountry "COL"]

1.d4 Nf6 2.Nf3 d6 3.g3 Nbd7 4.Bg2 e5 5.O-O e4 6.Nfd2 d5 7.c4 c6 8.Nc3 Bd6 9.Qb3
a5 10.cxd5 a4 11.Nxa4 cxd5 12.Rd1 h5 13.Nf1 h4 14.Bg5 hxg3 15.fxg3 Ra6 16.Rac1
Rh5 17.h4 Be7 18.Ne3 Nf8 19.Nc3 Be6 20.Qb5+ Rc6 21.Qxb7 Rb6 22.Qa7 N8h7 23.Ncxd5
Nxd5 24.Nxd5 Bxg5 25.Nc7+ Kf8 26.hxg5 Rxb2 27.Nxe6+ fxe6 28.Rf1+

[Event "IRT. X OPEN FERIA DE CALI Grup"]
[Site "Cali (Col) Unidad Panamericana"]
[Date "2008.12.26"]
[Round "2"]
[Board "1"]
[White "Bassan, Remo"]
[Black "Barreiro, Frank"]
[Result "1-0"]
[WhiteElo "2179"]
[BlackElo "2084"]
[PlyCount "63"]
[EventDate "2008.12.26"]
[EventRounds "9"]
[EventCountry "COL"]

1.e4 e5 2.Nf3 Nc6 3.Bb5 a6 4.Ba4 Nf6 5.d3 Be7 6.O-O O-O 7.Re1 b5 8.Bb3 d6 9.c3
Na5 10.Bc2 c5 11.Nbd2 Qc7 12.Nf1 Nc6 13.Ne3 b4 14.h3 a5 15.g4 Be6 16.g5 Nh5
17.Nxe5 Nxe5 18.Qxh5 g6 19.Qe2 Bxg5 20.Nd5 Bxd5 21.Bxg5 Be6 22.f4 Nd7 23.f5 gxf5
24.Qg2 Kh8 25.exf5 Bxf5 26.Re7 Bg6 27.Ba4 Rad8 28.Bf6+ Kg8 29.Bxd7 Rxd7 30.Qg5
d5 31.Rxd7 Qb6 32.Rf1

[Event "IRT. X OPEN FERIA DE CALI Grup"]
[Site "Cali (Col) Unidad Panamericana"]
[Date "2008.12.26"]
[Round "2"]
[Board "1"]
[White "Valle, Efrain"]
[Black "Diaz, Cristian Camilo"]
[Result "1-0"]
[WhiteElo "2173"]
[BlackElo "2048"]
[PlyCount "32"]
[EventDate "2008.12.26"]
[EventRounds "9"]
[EventCountry "COL"]

1.Nf3 Nf6 2.g3 e6 3.Bg2 b6 4.O-O Bb7 5.c4 Be7 6.Nc3 O-O 7.d3 d5 8.cxd5 Nxd5
9.Qb3 c5 10.Bd2 Nc6 11.a3 Bf6 12.Rad1 Nd4 13.Nxd4 cxd4 14.Nxd5 Bxd5 15.Bxd5 Qxd5
16.Qxd5 exd5

[Event "IRT. X OPEN FERIA DE CALI Grup"]
[Site "Cali (Col) Unidad Panamericana"]
[Date "2008.12.27"]
[Round "3"]
[Board "1"]
[White "Schneider-Zinner, Werner"]
[Black "Borges Mateos, Juan"]
[Result "0-1"]
[WhiteElo "2043"]
[BlackElo "2459"]
[PlyCount "102"]
[EventDate "2008.12.26"]
[EventRounds "9"]
[EventCountry "COL"]

1.d4 e6 2.e4 d5 3.exd5 exd5 4.Nf3 Bd6 5.Bd3 Ne7 6.Nc3 c6 7.Bg5 O-O 8.Bh4 Re8
9.O-O Nd7 10.Qd2 Nf8 11.Rae1 f6 12.Bg3 Bg4 13.Re3 Qd7 14.Rfe1 Rad8 15.Bxd6 Qxd6
16.Qe2 Bxf3 17.Qxf3 Kf7 18.Qe2 Qd7 19.Nd1 g6 20.c3 Nc8 21.Rxe8 Qxe8 22.Qxe8+
Rxe8 23.Rxe8 Kxe8 24.f3 Nd6 25.Kf2 Ke7 26.Ne3 f5 27.g3 Ne6 28.f4 Ng7 29.Kf3 Nh5
30.g4 fxg4+ 31.Nxg4 Ke6 32.Ne5 Nf6 33.h3 g5 34.a3 Nfe4 35.Bxe4 Nxe4 36.Ke3 a6
37.c4 Nd6 38.cxd5+ Kxd5 39.Kd3 b5 40.Ng4 Nc4 41.Nf6+ Ke6 42.Nxh7 Nxb2+ 43.Kc3
Nc4 44.Nf8+ Kf5 45.Kb4 Nb6 46.Kc3 Nd5+ 47.Kd2 Nxf4 48.Nd7 Ke4 49.Ne5 c5 50.a4
cxd4 51.Nc6 Ng2

[Event "IRT. X OPEN FERIA DE CALI Grup"]
[Site "Cali (Col) Unidad Panamericana"]
[Date "2008.12.27"]
[Round "3"]
[Board "1"]
[White "Mekhitarian, Krikor Sevag"]
[Black "Gonzalez, Juan Manuel"]
[Result "1-0"]
[WhiteElo "2511"]
[BlackElo "2111"]
[PlyCount "78"]
[EventDate "2008.12.26"]
[EventRounds "9"]
[EventCountry "COL"]

1.e4 e5 2.Nf3 d5 3.Nxe5 Bd6 4.d4 dxe4 5.Nc4 Nf6 6.Be2 O-O 7.O-O Re8 8.Bg5 h6
9.Bh4 Nc6 10.Nxd6 Qxd6 11.c3 Nd5 12.Bg3 Nf4 13.Nd2 Bf5 14.Kh1 g5 15.Nc4 Qe7
16.Qd2 Nxe2 17.Qxe2 Rad8 18.f3 [18.d5 Rxd5 19.Ne3 Rc5] 18...exf3 19.Qxf3 Be4
20.Qh5 Qe6 21.Ne5 f5 22.Rae1 Nxe5 23.Bxe5 Rf8 24.b3 [24.Bxc7 Qc6 25.Bxd8 Bxg2+
26.Kg1 Bxf1 27.d5] 24...Kh7 25.Re3 c6 26.Qe2 Qg6 27.h3 h5 28.Kh2 g4 [28...Rf7
29.g4 hxg4 30.hxg4 Kg8] 29.hxg4 Qxg4 30.Qf2 Rg8 31.Rg1 Rg6 32.Rh3 Rdg8 33.g3 Qf3
34.Rf1 Qxf2+ 35.Rxf2 h4 36.Rf4 Rg4 37.Rxh4+ Rxh4+ 38.Rxh4+ Kg6 39.c4 Re8
[39...Bb1 40.a3 Ba2 41.d5 cxd5 42.cxd5 Bxb3 43.d6]

[Event "IRT. X OPEN FERIA DE CALI Grup"]
[Site "Cali (Col) Unidad Panamericana"]
[Date "2008.12.27"]
[Round "3"]
[Board "1"]
[White "Rios, Cristhian Camilo"]
[Black "Gallego, Andres Felipe"]
[Result "1/2-1/2"]
[WhiteElo "2172"]
[BlackElo "2365"]
[PlyCount "83"]
[EventDate "2008.12.26"]
[EventRounds "9"]
[EventCountry "COL"]

1.d4 Nf6 2.c4 g6 3.Nc3 d5 4.cxd5 Nxd5 5.e4 Nxc3 6.bxc3 c5 7.Nf3 Bg7 8.Bb5+ Bd7
9.Be2 O-O 10.O-O Nc6 11.Be3 cxd4 12.cxd4 Bg4 13.d5 Bxa1 14.Qxa1 Na5 15.Bh6 f6
16.Bxf8 Qxf8 17.h3 Bxf3 18.Bxf3 Nc4 19.Bg4 f5 20.exf5 gxf5 21.Qd4 Nd6 22.Bf3 a6
23.Re1 Rc8 24.Qe5 Rc7 25.Qf4 Qg7 26.Re6 b5 27.h4 Rc4 28.Qd2 Rxh4 29.Qa5 Qa1+
30.Re1 Nb7 31.Qd2 Qg7 32.Qe2 Kf8 33.Qe6 Nd6 34.Qd7 Rh6 35.Qd8+ Ne8 36.Qc8 Qf6
37.d6 Qxd6 38.Qxf5+ Qf6 39.Qd5 Qd6 40.Qf5+ Qf6 41.Qc8 Qh4 42.Qf5+

[Event "IRT. X OPEN FERIA DE CALI Grup"]
[Site "Cali (Col) Unidad Panamericana"]
[Date "2008.12.27"]
[Round "3"]
[Board "1"]
[White "Clavijo, Jorge Mario"]
[Black "Remicio Duque, John H"]
[Result "1-0"]
[WhiteElo "2358"]
[BlackElo "2216"]
[PlyCount "43"]
[EventDate "2008.12.26"]
[EventRounds "9"]
[EventCountry "COL"]

1.d4 d5 2.c4 c6 3.Nf3 Nf6 4.g3 e6 5.Qc2 Bd6 6.Bg2 dxc4 7.Qxc4 Nbd7 8.O-O O-O
9.Bf4 Qc7 10.Bxd6 Qxd6 11.Nc3 b5 12.Qd3 Bb7 13.Rfd1 Rfd8 14.e4 Qb4 15.e5 Ne8
16.Ng5 g6 17.Qf3 Qe7 18.Qf4 a6 19.Qh4 Nf8 20.Nce4 Ra7 21.Rac1 Kg7 22.Nxe6+

[Event "IRT. X OPEN FERIA DE CALI Grup"]
[Site "Cali (Col) Unidad Panamericana"]
[Date "2008.12.27"]
[Round "3"]
[Board "1"]
[White "Torres, Juan Camilo"]
[Black "Rojas Barrero, Andres H"]
[Result "1/2-1/2"]
[WhiteElo "2103"]
[BlackElo "2255"]
[PlyCount "69"]
[EventDate "2008.12.26"]
[EventRounds "9"]
[EventCountry "COL"]

1.d4 f5 2.Nf3 Nf6 3.c4 e6 4.g3 b6 5.Bg2 Bb7 6.O-O g6 7.b3 Bg7 8.Bb2 O-O 9.Nbd2
Qe7 10.Qc2 d6 11.Ne1 Bxg2 12.Nxg2 Nbd7 13.e4 fxe4 14.Nxe4 e5 15.Rae1 Nxe4
16.Qxe4 Qf7 17.f4 exd4 18.Bxd4 Rae8 19.Qd3 Qf5 20.Qd2 Bxd4+ 21.Qxd4 Qc5 22.Qxc5
Nxc5 23.Re3 a5 24.Rd1 Kf7 25.Kf2 Re6 26.Rxe6 Kxe6 27.Ne3 c6 28.Kf3 Rd8 29.Ng4
Rf8 30.Ne3 Rd8 31.g4 Rd7 32.Nc2 d5 33.Nd4+ Kd6 34.f5 gxf5 35.gxf5

[Event "IRT. X OPEN FERIA DE CALI Grup"]
[Site "Cali (Col) Unidad Panamericana"]
[Date "2008.12.27"]
[Round "3"]
[Board "1"]
[White "Barrientos, Sergio E"]
[Black "Bassan, Remo"]
[Result "1-0"]
[WhiteElo "2450"]
[BlackElo "2179"]
[PlyCount "75"]
[EventDate "2008.12.26"]
[EventRounds "9"]
[EventCountry "COL"]

1.e4 c5 2.Nf3 Nc6 3.d4 cxd4 4.Nxd4 Nf6 5.Nc3 e5 6.Ndb5 d6 7.Bg5 a6 8.Na3 b5
9.Nd5 Be7 10.Bxf6 Bxf6 11.c4 b4 12.Nc2 Rb8 13.Be2 b3 14.axb3 Rxb3 15.Ncb4 Nd4
16.Nc6 Nxc6 17.Qxb3 Nd4 18.Qd1 a5 19.Bd3 h5 20.O-O Bd7 21.Qe1 Nb3 22.Ra3 a4
23.Bc2 Nc5 24.Nc3 Qa8 25.b4 Ne6 26.Bxa4 O-O 27.Qa1 Bxa4 28.Rxa4 Qc6 29.b5 Qb6
30.Nd5 Qc5 31.b6 Nd8 32.Ra8 Qxc4 33.b7 Nxb7 34.Nxf6+ gxf6 35.Rxf8+ Kxf8 36.Qa8+
Kg7 37.Qxb7 h4 38.h3

[Event "IRT. X OPEN FERIA DE CALI Grup"]
[Site "Cali (Col) Unidad Panamericana"]
[Date "2008.12.27"]
[Round "3"]
[Board "1"]
[White "Castro, Oscar H"]
[Black "Valle, Efrain"]
[Result "1-0"]
[WhiteElo "2395"]
[BlackElo "2173"]
[PlyCount "93"]
[EventDate "2008.12.26"]
[EventRounds "9"]
[EventCountry "COL"]

1.c4 Nf6 2.Nc3 g6 3.d4 Bg7 4.Nf3 O-O 5.e4 d6 6.Bg5 Nc6 7.d5 Nb8 8.Be2 e5 9.Nd2
h6 10.Be3 Ne8 11.g4 Kh7 12.h4 c5 13.a3 a6 14.h5 g5 15.O-O Nd7 16.b4 b6 17.Qc2
Ndf6 18.f3 Qc7 19.Rfb1 Rb8 20.Nf1 Nd7 21.Rb2 Bb7 22.Rab1 Nef6 23.Bf2 Rfc8 24.Ne3
Ne8 25.Qd3 Nef6 26.Bd1 cxb4 27.axb4 b5 28.Bb3 Nb6 29.c5 dxc5 30.d6 Qd8 31.Bxf7
cxb4 32.Rxb4 a5 33.R4b3 b4 34.Ne2 Qd7 35.Bg6+ Kh8 36.Bf5 Qd8 37.Bxc8 Bxc8 38.Ra1
Be6 39.Rxa5 Bxb3 40.Qxb3 Qxd6 41.Nf5 Qc7 42.Rc5 Qd7 43.Nxg7 Kxg7 44.Ng3 Kh7
45.Nf5 Re8 46.Kg2 Na4 47.Rc6